| 000 | 00541nam a2200205Ia 4500 | ||
|---|---|---|---|
| 008 | 170203s9999 xx 000 0 und d | ||
| 020 | _a0 717285588 | ||
| 050 | _a0 30 | ||
| 050 | _bG875 1999 | ||
| 100 | _aJuniper,Dean. | ||
| 245 | _aMaking Decisions : | ||
| 245 | _bHow to develop the skilla that make for good decisions / | ||
| 250 | _aDeluxe edtion. | ||
| 260 | _aHongkong : | ||
| 260 | _bGrolier International Inc. | ||
| 260 | _c1999 | ||
| 300 | _a164 pages : | ||
| 300 | _c24 cm. | ||
| 440 | _aGrolier Business Library. | ||
| 999 |
_c305877 _d305877 |
||